| 000 | 00401nam a22001697a 4500 | ||
|---|---|---|---|
| 005 | 20160621150519.0 | ||
| 008 | 160621b xxu||||| |||| 00| 0 eng d | ||
| 020 | _a81-7040-686-2 | ||
| 041 | _aeng | ||
| 082 | _b8776 | ||
| 100 |
_aPrassad, K.N _92410 |
||
| 245 | _aAn outline of grouwth Development and Planning | ||
| 260 |
_bHPH _c1992 |
||
| 300 | _a532 | ||
| 650 |
_aManagement _9241 |
||
| 942 | _cBK | ||
| 999 |
_c3409 _d3408 |
||